| 000 | 00550nam a2200145 i 4500 | ||
|---|---|---|---|
| 001 | 73610 | ||
| 003 | ES-MaACL | ||
| 005 | 20230906171853.0 | ||
| 007 | t| | ||
| 008 | 040909s1919 sp ||||1| spa d | ||
| 100 | 1 |
_aGómez Llombart, Eduardo. _958012 |
|
| 245 | 1 | 0 |
_aReformas jurídicas _b: proyecto de Ley estableciendo las bases para la reforma de la orgánica de los Tribunales y las de enjuiciamiento civil y criminal / _cintervenciones parlamentarias de Eduardo Gómez Llombart. |
| 260 |
_aMadrid : _b[s.n., _c1919] |
||
| 852 |
_aES-MaACL _j1573-F-1 |
||
| 999 |
_c73610 _d73610 |
||